| 000 | 00659nam a22002177a 4500 | ||
|---|---|---|---|
| 003 | OSt | ||
| 005 | 20140506160447.0 | ||
| 008 | 140506b xxu||||| |||| 00| 0 eng d | ||
| 020 | _a9789814296243 | ||
| 050 |
_aHD 38.5 _b.W57 2009 |
||
| 100 | _aWisner, Joel D. | ||
| 245 |
_aPrinciples of Supply Chain Management : _ba balanced approach / _cJoel D. Wisner. |
||
| 260 |
_aPhilippines : _bCENGAGE Learning, _cc2009. |
||
| 300 |
_axxii, 504 p. : _c23 cm. |
||
| 521 | _aBSBA | ||
| 650 | _aBusiness logistics. | ||
| 650 |
_aPhysical distribution of goods _xManagement. |
||
| 650 |
_aMarketing channels _xManagement. |
||
| 942 |
_2lcc _cBK |
||
| 999 |
_c115817 _d115817 |
||